01018nam a2200265 a 450000100060000000300080000600500170001400800410003103500190007203500190009104000320011004100080014208200230015010000420017324500530021526000570026830000480032550000580037361000460043165000400047765000620051794200120057999900170059195201440060846936BD-RjUL20211209054231.0160806s1925 enka b 000 0 eng  a(BD-RjUL)47055 a(OCoLC)4895309 aDLCcScUdDLCdBD-RjULbeng aeng a338.1941bCOS 19251 aColler, Frank Herbert,d1866-914296612aA state trading adventure /bby Frank H. Coller. aLondon :bOxford university press, H. Milford,c1925 aix, [1] p., 1 l., 360 p. :billus.;c24 cm. aMainly the record of the Ministry of food, 1917-1921.10aGreat Britain.bMinistry of Food.9142967 0aFood supplyzGreat Britain.9142968 0aWorld War, 1914-1918xFood supplyzGreat Britain.9142969 2ddccBK c46936d46936 00102ddc40708NFICaRUCLbRUCLcStackd1956-11-06eB.H. Blackwellg15.00l0o338.1941 COS 1925r2016-08-06 00:00:00tC-2w2016-08-06yBK